书目信息 |
| 题名: |
刘墉精品书坊
|
|
| 作者: | 刘墉 著 | |
| 分册: | 情爱卷 | |
| 出版信息: | 南宁 接力出版社 2002 |
|
| 页数: | 549页 | |
| 开本: | 20cm | |
| 丛书名: | ||
| 单 册: | ||
| 中图分类: | I712.65 , I267 | |
| 科图分类: | ||
| 主题词: | 散文--美国--现代--选集 , 散文--中国 , 散文--作品综合集--中国 | |
| 电子资源: | ||
| ISBN: | 7-80631-956-5 | |
| 000 | 00871nam0 2200265 450 | |
| 001 | 1532012458 | |
| 005 | 20150118085515.78 | |
| 010 | @a7-80631-956-5@dCNY28.00 | |
| 100 | @a20020409d2002 em y0chiy0110 ea | |
| 101 | 0 | @achi |
| 102 | @aCN@b450000 | |
| 105 | @aa z 000cy | |
| 200 | 1 | @a刘墉精品书坊@9liu yong jing pin shu fang@i情爱卷@f[美]刘墉著 |
| 210 | @a南宁@c接力出版社@d2002 | |
| 215 | @a549页@c照片@d20cm | |
| 305 | @a台湾水云斋文化事业有限公司授权出版 | |
| 330 | @a作者在书中将亲子之爱、夫妻之爱、朋友之爱等真谛向你娓娓道来,本卷包括《爱又何必矜持》、《爱何必百分百》、《对错都是为了爱》、《生生世世未了缘》。 | |
| 606 | 0 | @a散文@y美国@z现代@j选集 |
| 606 | 0 | @a散文@x中国 |
| 606 | 0 | @a散文@x作品综合集@x中国 |
| 690 | @aI712.65@v5 | |
| 690 | @aI267@v4 | |
| 701 | 0 | @a刘墉@9liu yong@4著 |
| 801 | 0 | @aCN@bTSSF@c20150118 |
| 905 | @aZUCC@dI267@eJY262 | |
| 刘墉精品书坊.情爱卷/[美]刘墉著.-南宁:接力出版社,2002 |
| 549页:照片;20cm |
| ISBN 7-80631-956-5:CNY28.00 |
| 作者在书中将亲子之爱、夫妻之爱、朋友之爱等真谛向你娓娓道来,本卷包括《爱又何必矜持》、《爱何必百分百》、《对错都是为了爱》、《生生世世未了缘》。 |
| ● |
| 相关链接 |
|
|
|
|
正题名:刘墉精品书坊
索取号:I267/JY262
 
预约/预借
| 序号 | 登录号 | 条形码 | 馆藏地/架位号 | 状态 | 备注 |
| 1 | 7852382 | 278523821 | 学院路分馆/ [索取号:I267/JY262] | 在馆 |